[Event "Titled Tuesday 2024.07.23 Late"]
[Site "chess.com INT"]
[Date "2024.07.23"]
[Round "9"]
[White "Zhukov, Maksim"]
[Black "Mendes, Aaron Reeve"]
[Result "0-1"]
[WhiteElo "1901"]
[BlackElo "2312"]
[PlyCount "158"]
[GameId "2130307541150807"]
[EventDate "2024.07.23"]
[EventType "swiss (blitz)"]
[EventRounds "11"]
[EventCountry "NET"]
[SourceTitle "The Week in Chess 1551"]
[Source "Mark Crowther"]
[SourceDate "2024.07.29"]
[SourceVersion "1"]
[SourceVersionDate "2024.07.29"]
[SourceQuality "2"]

1. e4 c5 2. Nf3 d6 3. d4 cxd4 4. Nxd4 Nf6 5. f3 a6 6. c4 e5 7. Nb3 Be6 8. Be3 Be7 9. Nc3 O-O 10. Be2 Qc7 11. Rc1 Bxc4 12. Bxc4 Qxc4 13. Nd5 Nxd5 14. Rxc4 Nxe3 15. Qe2 Nxc4 16. Qxc4 Nc6 17. O-O Rac8 18. Rd1 Rc7 19. Na5 Rfc8 20. Nxc6 Rxc6 21. Qb3 R8c7 22. g3 Rc2 23. a4 h5 24. h4 g5 25. hxg5 Bxg5 26. Rf1 Rd2 27. Rf2 Rc1+ 28. Kg2 Rdd1 29. f4 Rg1+ 30. Kf3 h4 31. gxh4 exf4 32. Qd5 Rg3+ 33. Ke2 f3+ 34. Rxf3 Rg2+ 35. Rf2 Rc2+ 36. Ke1 Rg1+ 37. Rf1 Rc1+ 38. Ke2 Rc2+ 39. Kd1 Rd2+ 40. Qxd2 Rxf1+ 41. Qe1 Rxe1+ 42. Kxe1 Bxh4+ 43. Ke2 Bf6 44. b3 Be5 45. Kf3 Kg7 46. Kg4 Kg6 47. Kf3 f5 48. exf5+ Kxf5 49. Ke3 d5 50. Kd3 Ke6 51. b4 Kd6 52. a5 Kc6 53. Kc2 Kb5 54. Kb3 Bd6 55. Kc3 Be5+ 56. Kb3 Bg7 57. Ka3 Bf8 58. Kb3 Bxb4 59. Kc2 Kxa5 60. Kd3 Bc5 61. Kc3 Kb5 62. Kb3 a5 63. Ka2 a4 64. Kb2 Ka5 65. Ka2 b5 66. Kb1 b4 67. Kc2 a3 68. Kb1 Kb5 69. Ka1 Kc4 70. Kb1 b3 71. Kc1 Bb4 72. Kb1 Kd3 73. Ka1 Ke2 74. Kb1 Bc3 75. Kc1 d4 76. Kb1 d3 77. Kc1 Ke1 78. Kb1 a2+ 79. Kc1 b2# 0-1

[Event "Titled Tuesday 2024.07.23 Early"]
[Site "chess.com INT"]
[Date "2024.07.23"]
[Round "1"]
[White "Mendes, Aaron Reeve"]
[Black "Brewer, Callum D"]
[Result "1-0"]
[WhiteElo "2312"]
[BlackElo "2182"]
[PlyCount "73"]
[GameId "2130307541155030"]
[EventDate "2024.07.23"]
[EventType "swiss (blitz)"]
[EventRounds "11"]
[EventCountry "NET"]
[SourceTitle "The Week in Chess 1551"]
[Source "Mark Crowther"]
[SourceDate "2024.07.29"]
[SourceVersion "1"]
[SourceVersionDate "2024.07.29"]
[SourceQuality "2"]

1. Nf3 Nf6 2. d4 d5 3. e3 e6 4. c4 Be7 5. cxd5 exd5 6. Nc3 O-O 7. Bd3 c6 8. O-O Re8 9. e4 dxe4 10. Nxe4 Nxe4 11. Bxe4 Bf6 12. Re1 Be6 13. Bf4 Na6 14. Be5 Nb4 15. a3 Nd5 16. Qc2 g6 17. g3 Bxe5 18. dxe5 Qb6 19. h4 Ne7 20. h5 Bf5 21. hxg6 hxg6 22. Qd2 Bxe4 23. Rxe4 Nf5 24. Kg2 Kg7 25. e6 Rad8 26. Qc3+ f6 27. Rh1 Rd6 28. Ng5 Qd8 29. Rh7+ Kg8 30. Nf7 Qe7 31. Nxd6 Qxd6 32. Qxf6 Kxh7 33. Qf7+ Kh6 34. Qxe8 Qd5 35. Qh8+ Kg5 36. f4+ Kg4 37. Qh3# 1-0

[Event "Titled Tuesday 2024.07.23 Early"]
[Site "chess.com INT"]
[Date "2024.07.23"]
[Round "2"]
[White "Matyassy, Lazar"]
[Black "Mendes, Aaron Reeve"]
[Result "0-1"]
[WhiteElo "2155"]
[BlackElo "2312"]
[PlyCount "114"]
[GameId "2130307541159227"]
[EventDate "2024.07.23"]
[EventType "swiss (blitz)"]
[EventRounds "11"]
[EventCountry "NET"]
[SourceTitle "The Week in Chess 1551"]
[Source "Mark Crowther"]
[SourceDate "2024.07.29"]
[SourceVersion "1"]
[SourceVersionDate "2024.07.29"]
[SourceQuality "2"]

1. e4 c5 2. Nc3 Nc6 3. Nge2 Nd4 4. d3 g6 5. Nxd4 cxd4 6. Ne2 Bg7 7. g3 d5 8. Bg2 dxe4 9. dxe4 e6 10. O-O Ne7 11. c3 dxc3 12. Qxd8+ Kxd8 13. Nxc3 Bd7 14. Bg5 Bc6 15. Rac1 h6 16. Be3 Ke8 17. Rfe1 f6 18. Bc5 Kf7 19. Nd5 exd5 20. Bxe7 dxe4 21. Bxe4 Bxe4 22. Rxe4 Rac8 23. Rxc8 Rxc8 24. Ba3 Rc7 25. Kg2 f5 26. Re2 Bf6 27. h3 g5 28. g4 f4 29. Kf3 b5 30. b3 a5 31. Bd6 Rc3+ 32. Ke4 Rxh3 33. f3 Rh1 34. Bc7 a4 35. bxa4 bxa4 36. Be5 Rd1 37. Bxf6 Kxf6 38. Rb2 Re1+ 39. Kd5 Re5+ 40. Kd4 Re3 41. Rb6+ Ke7 42. Rxh6 Rxf3 43. Rg6 Rf2 44. Rxg5 Rxa2 45. Rf5 Rf2 46. Ra5 Rg2 47. Rxa4 Rxg4 48. Ra3 Kf6 49. Ke4 Kg5 50. Ra5+ Kh4 51. Rf5 Kg3 52. Rf8 Rh4 53. Rg8+ Kf2 54. Rf8 f3+ 55. Kd3 Ra4 56. Rg8 Kf1 57. Ke3 f2 0-1

[Event "Titled Tuesday 2024.07.23 Early"]
[Site "chess.com INT"]
[Date "2024.07.23"]
[Round "3"]
[White "Bobomurodova, Maftuna"]
[Black "Mendes, Aaron Reeve"]
[Result "0-1"]
[WhiteElo "1829"]
[BlackElo "2312"]
[PlyCount "66"]
[GameId "2130307541163376"]
[EventDate "2024.07.23"]
[EventType "swiss (blitz)"]
[EventRounds "11"]
[EventCountry "NET"]
[SourceTitle "The Week in Chess 1551"]
[Source "Mark Crowther"]
[SourceDate "2024.07.29"]
[SourceVersion "1"]
[SourceVersionDate "2024.07.29"]
[SourceQuality "2"]

1. e4 c5 2. Nf3 d6 3. Bb5+ Bd7 4. Bxd7+ Qxd7 5. O-O Nc6 6. c3 Nf6 7. Qe2 e6 8. d4 cxd4 9. cxd4 d5 10. Nc3 dxe4 11. Nxe4 Be7 12. Rd1 O-O 13. Bf4 Nd5 14. Bg3 b6 15. Ne5 Qe8 16. Rac1 Rc8 17. a3 Nxd4 18. Qd3 Nc6 19. Nc4 Qd7 20. Ne5 Nxe5 21. Bxe5 f6 22. Bg3 f5 23. Nc3 f4 24. Nxd5 exd5 25. Rxc8 Qxc8 26. Qxd5+ Kh8 27. Qe4 fxg3 28. Qxe7 gxf2+ 29. Kf1 Qc4+ 30. Qe2 Qc7 31. g3 Qc6 32. Qe7 Qh1+ 33. Ke2 Qf3+ 0-1

[Event "Titled Tuesday 2024.07.23 Early"]
[Site "chess.com INT"]
[Date "2024.07.23"]
[Round "5"]
[White "Mendes, Aaron Reeve"]
[Black "Klukin, Kirill"]
[Result "0-1"]
[WhiteElo "2312"]
[BlackElo "2413"]
[PlyCount "138"]
[GameId "2130307541171799"]
[EventDate "2024.07.23"]
[EventType "swiss (blitz)"]
[EventRounds "11"]
[EventCountry "NET"]
[SourceTitle "The Week in Chess 1551"]
[Source "Mark Crowther"]
[SourceDate "2024.07.29"]
[SourceVersion "1"]
[SourceVersionDate "2024.07.29"]
[SourceQuality "2"]

1. e4 c5 2. Nf3 g6 3. d4 cxd4 4. Qxd4 Nf6 5. e5 Nc6 6. Qh4 Nxe5 7. Nxe5 Qa5+ 8. Nc3 Qxe5+ 9. Be2 Bg7 10. O-O O-O 11. Be3 d6 12. Bd4 Qa5 13. Rfd1 Be6 14. Bf3 Qc7 15. Qf4 a6 16. h4 Rac8 17. h5 b5 18. a3 Bc4 19. Qh4 Ne8 20. h6 Bxd4 21. Qxd4 Qc5 22. Qh4 Nf6 23. Re1 d5 24. Rad1 Qd6 25. Qd4 Rfe8 26. Nxd5 Bxd5 27. Bxd5 Qxd5 28. Qxd5 Nxd5 29. Rxd5 f6 30. Re2 Rc7 31. c3 Kf7 32. Red2 g5 33. Rd8 Rxd8 34. Rxd8 Kg6 35. Ra8 Rc6 36. Ra7 Re6 37. Kf1 Kxh6 38. Rc7 Kg6 39. c4 bxc4 40. Rxc4 h5 41. b4 h4 42. a4 Rd6 43. Ke2 Rb6 44. Kd3 e5 45. Ke4 g4 46. Kd5 Kg5 47. Kc5 Rb8 48. Kd6 h3 49. gxh3 gxh3 50. Rc3 Rxb4 51. Rxh3 Rxa4 52. Ke6 Rf4 53. Rg3+ Kh5 54. f3 a5 55. Rh3+ Kg5 56. Rh1 a4 57. Ra1 Kh4 58. Ra2 Kg3 59. Ra3 Rxf3 60. Rxa4 Rf4 61. Ra3+ Kg4 62. Ra1 e4 63. Rg1+ Kf3 64. Rf1+ Ke3 65. Re1+ Kf2 66. Rh1 e3 67. Rh2+ Kg3 68. Re2 Kf3 69. Re1 e2 0-1

[Event "Titled Tuesday 2024.07.23 Early"]
[Site "chess.com INT"]
[Date "2024.07.23"]
[Round "6"]
[White "Kocharin, Timur"]
[Black "Mendes, Aaron Reeve"]
[Result "1-0"]
[WhiteElo "2323"]
[BlackElo "2312"]
[PlyCount "155"]
[GameId "2130307541171882"]
[EventDate "2024.07.23"]
[EventType "swiss (blitz)"]
[EventRounds "11"]
[EventCountry "NET"]
[SourceTitle "The Week in Chess 1551"]
[Source "Mark Crowther"]
[SourceDate "2024.07.29"]
[SourceVersion "1"]
[SourceVersionDate "2024.07.29"]
[SourceQuality "2"]

1. e4 c5 2. Nf3 d6 3. c3 Nf6 4. h3 g6 5. d4 cxd4 6. Qxd4 Bg7 7. Be2 Nc6 8. Qe3 O-O 9. O-O b6 10. Rd1 Qc7 11. Nbd2 Bb7 12. Nf1 a6 13. a4 e6 14. Ng3 d5 15. Qf4 e5 16. Qh4 dxe4 17. Ng5 h5 18. N5xe4 Nxe4 19. Nxe4 Rad8 20. Be3 Na5 21. Rxd8 Rxd8 22. Bg5 Rd7 23. Nf6+ Bxf6 24. Bxf6 Qc6 25. Bf1 Qe6 26. Re1 Nc6 27. Bc4 Qf5 28. Re3 Rd6 29. Rf3 Qd7 30. Qg5 Kh7 31. Bxf7 Qxf7 32. Bxe5 Nxe5 33. Rxf7+ Nxf7 34. Qe3 Kg7 35. Kh2 Bc8 36. b4 Bd7 37. a5 bxa5 38. bxa5 Be6 39. Qc5 Rd5 40. Qc7 Rd6 41. c4 Kf6 42. c5 Rd7 43. Qb6 Rd5 44. c6 Rd6 45. Qxa6 Ne5 46. Qb5 Nxc6 47. a6 Ke7 48. Qb7+ Bd7 49. a7 Nxa7 50. Qxa7 Re6 51. Qc5+ Ke8 52. f4 Kd8 53. f5 gxf5 54. Qxf5 h4 55. Qg5+ Kc8 56. Qxh4 Bc6 57. Qc4 Kd7 58. g4 Rd6 59. Kg3 Bd5 60. Qa4+ Bc6 61. Qa7+ Ke6 62. h4 Rd3+ 63. Kf4 Rf3+ 64. Kg5 Rd3 65. Qb6 Rd5+ 66. Kg6 Rd6 67. Qe3+ Kd5+ 68. Kg5 Kc4 69. Qf4+ Rd4 70. Qc7 Rd5+ 71. Kf6 Kc5 72. h5 Rd6+ 73. Qxd6+ Kxd6 74. h6 Be4 75. g5 Kd7 76. g6 Bxg6 77. Kxg6 Ke6 78. h7 1-0

[Event "Titled Tuesday 2024.07.23 Early"]
[Site "chess.com INT"]
[Date "2024.07.23"]
[Round "8"]
[White "Shevchuk, Olexandr"]
[Black "Mendes, Aaron Reeve"]
[Result "1-0"]
[WhiteElo "2093"]
[BlackElo "2312"]
[PlyCount "107"]
[GameId "2130307541188456"]
[EventDate "2024.07.23"]
[EventType "swiss (blitz)"]
[EventRounds "11"]
[EventCountry "NET"]
[SourceTitle "The Week in Chess 1551"]
[Source "Mark Crowther"]
[SourceDate "2024.07.29"]
[SourceVersion "1"]
[SourceVersionDate "2024.07.29"]
[SourceQuality "2"]

1. d4 d5 2. c4 c6 3. Nf3 Nf6 4. e3 e6 5. b3 Bd6 6. Bb2 Nbd7 7. Bd3 O-O 8. O-O Qc7 9. Nc3 Qb8 10. Re1 e5 11. cxd5 cxd5 12. dxe5 Nxe5 13. Nxe5 Bxe5 14. h3 a6 15. Rc1 Be6 16. Qe2 Rd8 17. Na4 Bxb2 18. Qxb2 Qd6 19. Qd4 Rac8 20. Nc5 Rc7 21. Rc3 Nd7 22. Nxd7 Qxd7 23. Rec1 Rdc8 24. Rxc7 Rxc7 25. Rc5 Qd6 26. b4 Rxc5 27. bxc5 Qc6 28. Qb4 g6 29. a4 f6 30. a5 Kf7 31. Kf1 h5 32. Bc2 Bd7 33. Ke1 Qb5 34. Qxb5 Bxb5 35. h4 g5 36. g3 Bd7 37. Kd2 Be6 38. Kc3 Ke7 39. Kd4 Kd7 40. Bg6 Bg4 41. Kxd5 Be6+ 42. Kd4 Bg4 43. Be4 Kc7 44. Bd5 Be2 45. Ke4 Bg4 46. hxg5 fxg5 47. Ke5 h4 48. Kf6 h3 49. Kxg5 Bd7 50. Bh1 Bb5 51. Kf4 Bf1 52. Kf3 Kc6 53. g4 Kxc5 54. g5 1-0

[Event "Titled Tuesday 2024.07.23 Early"]
[Site "chess.com INT"]
[Date "2024.07.23"]
[Round "10"]
[White "Ghafourian, Amir Ali"]
[Black "Mendes, Aaron Reeve"]
[Result "1-0"]
[WhiteElo "2118"]
[BlackElo "2312"]
[PlyCount "119"]
[GameId "2130307541188557"]
[EventDate "2024.07.23"]
[EventType "swiss (blitz)"]
[EventRounds "11"]
[EventCountry "NET"]
[SourceTitle "The Week in Chess 1551"]
[Source "Mark Crowther"]
[SourceDate "2024.07.29"]
[SourceVersion "1"]
[SourceVersionDate "2024.07.29"]
[SourceQuality "2"]

1. e4 c5 2. Nf3 d6 3. d4 cxd4 4. Nxd4 Nf6 5. Nc3 a6 6. Bg5 Nbd7 7. Qe2 Qc7 8. O-O-O e6 9. f4 b5 10. a3 Bb7 11. g4 Rc8 12. Bxf6 gxf6 13. h4 Nb6 14. Kb1 Nc4 15. Rh3 Qa5 16. Nb3 Qb6 17. f5 e5 18. Nd5 Bxd5 19. Rxd5 Be7 20. Qe1 Rg8 21. Rg3 h5 22. gxh5 Rxg3 23. Qxg3 Ne3 24. Bd3 Nxd5 25. exd5 Kd7 26. Qg7 Qd8 27. Qxf7 Qg8 28. Qg6 Qh8 29. h6 Rg8 30. Qf7 Rg1+ 31. Ka2 Qxh6 32. Qe6+ Ke8 33. Na5 Qg7 34. Nb7 Kf8 35. Nxd6 Bxd6 36. Qxd6+ Qe7 37. Qxa6 b4 38. Qc8+ Kg7 39. Qe6 Qc5 40. d6 bxa3 41. Bc4 Rg4 42. Qe7+ Kh6 43. Qxf6+ Kh7 44. Bf7 Qc8 45. Bg6+ Kh6 46. Bf7+ Kh7 47. Bg6+ Kh6 48. Be8+ Kh7 49. Qf7+ Kh6 50. Qf8+ Kh7 51. Bg6+ Rxg6 52. fxg6+ Kxg6 53. Qxc8 axb2 54. Kxb2 Kh6 55. Qf5 Kg7 56. Qxe5+ Kg8 57. d7 Kh7 58. d8=Q Kg6 59. Qg8+ Kh6 60. Qeg5# 1-0

[Event "Titled Tuesday 2024.07.23 Early"]
[Site "chess.com INT"]
[Date "2024.07.23"]
[Round "11"]
[White "Mendes, Aaron Reeve"]
[Black "Pinto, Daniel"]
[Result "1-0"]
[WhiteElo "2312"]
[BlackElo "2265"]
[PlyCount "119"]
[GameId "2130307541188625"]
[EventDate "2024.07.23"]
[EventType "swiss (blitz)"]
[EventRounds "11"]
[EventCountry "NET"]
[SourceTitle "The Week in Chess 1551"]
[Source "Mark Crowther"]
[SourceDate "2024.07.29"]
[SourceVersion "1"]
[SourceVersionDate "2024.07.29"]
[SourceQuality "2"]

1. Nf3 c5 2. e4 Nc6 3. Bb5 g6 4. Bxc6 dxc6 5. d3 Bg7 6. O-O e5 7. h3 Qc7 8. c3 Nf6 9. Be3 b6 10. d4 Nxe4 11. dxe5 Be6 12. Qc2 f5 13. exf6 Nxf6 14. Re1 O-O 15. Bxc5 Rfe8 16. Bd4 c5 17. Be5 Qc6 18. Nbd2 Rac8 19. Ne4 Bd5 20. Neg5 b5 21. b3 c4 22. bxc4 Qxc4 23. Bd4 b4 24. Rxe8+ Nxe8 25. Nd2 Qxd4 26. Nde4 Bxe4 27. Nxe4 bxc3 28. Ng5 Qc4 29. Rd1 h6 30. Nf3 Qf7 31. Nh4 Kh7 32. Rd3 Rc4 33. Nf3 Nc7 34. Rd6 Rf4 35. Qd3 Rf6 36. Rd7 Qe8 37. Rxc7 Rf7 38. Rc4 Rd7 39. Qc2 Qe6 40. Re4 Rd1+ 41. Kh2 Qd6+ 42. g3 Rd2 43. Nxd2 Qxd2 44. Re2 Qd4 45. Qe4 Qd6 46. Rc2 Qb6 47. Qe3 Qc7 48. Qd3 a5 49. h4 Qb6 50. h5 Qf6 51. Kg2 Qc6+ 52. f3 Qf6 53. hxg6+ Qxg6 54. Qxg6+ Kxg6 55. Kf2 Kf5 56. Ke3 h5 57. Kd3 Be5 58. Rh2 Kg5 59. f4+ Kg4 60. fxe5 1-0

[Event "1000GM Summer GM-B"]
[Site "New York USA"]
[Date "2024.07.09"]
[Round "1.3"]
[White "Mendes, Aaron Reeve"]
[Black "Nagy, Gabor"]
[Result "1/2-1/2"]
[WhiteElo "2312"]
[BlackElo "2440"]
[PlyCount "38"]
[GameId "2130307541900993"]
[EventDate "2024.07.09"]
[EventType "tourn"]
[EventRounds "8"]
[EventCountry "USA"]
[EventCategory "7"]
[SourceTitle "10 Days #765"]
[Source "ChessMix "]
[SourceDate "2024.07.20"]
[SourceVersion "1"]
[SourceVersionDate "2024.07.20"]
[SourceQuality "1"]

1. e4 c5 2. Nf3 d6 3. Bb5+ Bd7 4. Bxd7+ Nxd7 5. O-O Ngf6 6. Re1 e6 7. c3 Be7 8. d4 O-O 9. e5 Ne8 10. Bf4 Rc8 11. exd6 Bxd6 12. Bxd6 Nxd6 13. d5 exd5 14. Qxd5 Nf6 15. Qd1 Nde4 16. Nbd2 Nxd2 17. Qxd2 Qxd2 18. Nxd2 Rfd8 19. Rad1 Kf8 1/2-1/2

[Event "1000GM Summer GM-B"]
[Site "New York USA"]
[Date "2024.07.10"]
[Round "2.4"]
[White "Mirzoev, Azer"]
[Black "Mendes, Aaron Reeve"]
[Result "1/2-1/2"]
[WhiteElo "2445"]
[BlackElo "2312"]
[PlyCount "104"]
[GameId "2130307541900999"]
[EventDate "2024.07.09"]
[EventType "tourn"]
[EventRounds "8"]
[EventCountry "USA"]
[EventCategory "7"]
[SourceTitle "10 Days #765"]
[Source "ChessMix "]
[SourceDate "2024.07.20"]
[SourceVersion "1"]
[SourceVersionDate "2024.07.20"]
[SourceQuality "1"]

1. d4 d5 2. Nf3 Nf6 3. c4 c6 4. Qc2 dxc4 5. Qxc4 Bf5 6. g3 e6 7. Bg2 Be7 8. O-O Nbd7 9. e3 O-O 10. Rd1 Qc7 11. Nc3 e5 12. h3 Rfd8 13. Qe2 Ne4 14. dxe5 Nxc3 15. bxc3 Nxe5 16. Nd4 Bd7 17. f4 Ng6 18. e4 c5 19. Nf5 Bf6 20. Bd2 Bxf5 21. exf5 Nf8 22. Be1 g6 23. Kh2 Rab8 24. h4 b6 25. fxg6 hxg6 26. a4 Re8 27. Qc4 Qe7 28. Ra2 Rbd8 29. Bd5 Kg7 30. Bf2 Ne6 31. Rdd2 Qd7 32. Rd1 Nc7 33. Bf3 Qe6 34. Qxe6 Nxe6 35. Rc2 Rxd1 36. Bxd1 Rd8 37. Bg4 Rd3 38. Be1 Nc7 39. Bd2 a6 40. Be2 Rd8 41. Kg2 b5 42. axb5 axb5 43. Bf3 Ne6 44. Kf2 Rb8 45. Bd5 b4 46. Bc4 bxc3 47. Bxc3 Bxc3 48. Rxc3 Rb2+ 49. Ke3 Nd4 50. Bf1 Rb1 51. Bd3 Re1+ 52. Kf2 Rd1 1/2-1/2

[Event "1000GM Summer GM-B"]
[Site "New York USA"]
[Date "2024.07.11"]
[Round "3.2"]
[White "Mendes, Aaron Reeve"]
[Black "Lohia, Sohum"]
[Result "1/2-1/2"]
[WhiteElo "2312"]
[BlackElo "2365"]
[PlyCount "91"]
[GameId "2130307541901002"]
[EventDate "2024.07.09"]
[EventType "tourn"]
[EventRounds "8"]
[EventCountry "USA"]
[EventCategory "7"]
[SourceTitle "10 Days #765"]
[Source "ChessMix "]
[SourceDate "2024.07.20"]
[SourceVersion "1"]
[SourceVersionDate "2024.07.20"]
[SourceQuality "1"]

1. Nf3 Nf6 2. g3 d5 3. Bg2 e6 4. d3 c5 5. O-O Nc6 6. Bf4 Bd6 7. Bxd6 Qxd6 8. Nbd2 O-O 9. e4 dxe4 10. dxe4 e5 11. c3 Be6 12. Qe2 Rfd8 13. Rfd1 Qc7 14. h3 h6 15. Nc4 Bxc4 16. Qxc4 Na5 17. Qe2 c4 18. Rxd8+ Rxd8 19. Rd1 Rxd1+ 20. Qxd1 Qd7 21. Qc2 Qc7 22. Qa4 a6 23. Nd2 b5 24. Qc2 Nb7 25. b4 cxb3 26. axb3 Nd7 27. Bf1 Nd6 28. b4 Nb6 29. Bd3 Ndc4 30. Nxc4 Nxc4 31. Qa2 Qc6 32. Bxc4 bxc4 33. Qe2 f6 34. f4 Qb5 35. fxe5 fxe5 36. Qd1 Qb6+ 37. Kg2 Qc6 38. Qg4 g6 39. h4 h5 40. Qe2 Kg7 41. Qe3 Qd6 42. Kf2 Qd1 43. Qa7+ Kh6 44. Qe3+ Kg7 45. Qa7+ Kh6 46. Qe3+ 1/2-1/2

[Event "1000GM Summer GM-B"]
[Site "New York USA"]
[Date "2024.07.12"]
[Round "4.5"]
[White "Lu, Maximillian"]
[Black "Mendes, Aaron Reeve"]
[Result "1-0"]
[WhiteElo "2400"]
[BlackElo "2312"]
[PlyCount "147"]
[GameId "2130307541901010"]
[EventDate "2024.07.09"]
[EventType "tourn"]
[EventRounds "8"]
[EventCountry "USA"]
[EventCategory "7"]
[SourceTitle "10 Days #765"]
[Source "ChessMix "]
[SourceDate "2024.07.20"]
[SourceVersion "1"]
[SourceVersionDate "2024.07.20"]
[SourceQuality "1"]

1. Nf3 d5 2. c4 c6 3. g3 Nf6 4. Bg2 Bf5 5. O-O e6 6. Qb3 Qb6 7. d3 Nbd7 8. cxd5 Qxb3 9. axb3 exd5 10. Na3 Bd6 11. Nc2 O-O 12. Nfd4 Bg6 13. b4 a6 14. Bd2 Rfe8 15. Rfe1 h6 16. Bc3 Rac8 17. Bh3 Re7 18. Ne3 Ree8 19. Nef5 Bf8 20. f4 Bxf5 21. Nxf5 Rcd8 22. Nd4 Bd6 23. Bg2 c5 24. bxc5 Bxc5 25. Bf3 Bb6 26. Kg2 Nb8 27. Ra4 Bxd4 28. Bxd4 Nc6 29. Bb6 Rd6 30. Bc5 Rd7 31. Rc1 Kh7 32. Rc2 Rc8 33. Bf2 Rcd8 34. Bb6 Re8 35. e4 dxe4 36. dxe4 g5 37. Kf2 h5 38. h3 g4 39. hxg4 Nxg4+ 40. Kg2 f6 41. Kh3 Rg8 42. Rc5 Kh6 43. Rd5 Rxd5 44. exd5 Ne7 45. d6 Nc8 46. Bc7 Rg7 47. Rd4 Rd7 48. Bxg4 hxg4+ 49. Kxg4 Kg6 50. f5+ Kh6 51. Bb8 Rg7+ 52. Kf3 Nb6 53. Ba7 Nd7 54. Rh4+ Kg5 55. Rg4+ Kh6 56. Rh4+ Kg5 57. Rg4+ Kh6 58. Be3+ Kh7 59. Rh4+ Kg8 60. Bd4 Kf7 61. g4 Kg8 62. Ke4 Kf7 63. Kd5 Nf8 64. Rh6 Nd7 65. Rh4 Nf8 66. Rh6 Nd7 67. g5 Rxg5 68. Rh7+ Ke8 69. Re7+ Kd8 70. Ke6 Nf8+ 71. Kf7 Nh7 72. Bb6+ Kc8 73. d7+ Kb8 74. d8=R# 1-0

[Event "1000GM Summer GM-B"]
[Site "New York USA"]
[Date "2024.07.12"]
[Round "5.1"]
[White "Mendes, Aaron Reeve"]
[Black "Shlyakhtenko, Robert"]
[Result "1/2-1/2"]
[WhiteElo "2312"]
[BlackElo "2412"]
[PlyCount "110"]
[GameId "2130307541901011"]
[EventDate "2024.07.09"]
[EventType "tourn"]
[EventRounds "8"]
[EventCountry "USA"]
[EventCategory "7"]
[SourceTitle "10 Days #765"]
[Source "ChessMix "]
[SourceDate "2024.07.20"]
[SourceVersion "1"]
[SourceVersionDate "2024.07.20"]
[SourceQuality "1"]

1. e4 c5 2. Nf3 e6 3. b3 a6 4. Bb2 Nc6 5. c4 Qc7 6. g3 Nf6 7. e5 Ng4 8. Bg2 Be7 9. O-O O-O 10. Re1 Rd8 11. h3 Nh6 12. Nc3 d6 13. exd6 Bxd6 14. Ne4 Nf5 15. Nxd6 Qxd6 16. g4 Nfe7 17. Ne5 Ng6 18. Nxg6 hxg6 19. Bc3 Ra7 20. Qf3 Nd4 21. Qe4 b6 22. Bxd4 Qxd4 23. Qxd4 Rxd4 24. Rad1 Rad7 25. Re2 g5 26. Kf1 g6 27. Ke1 Kg7 28. Rc1 Rd8 29. Rc3 f5 30. f3 Kf6 31. Rce3 R8d6 32. Kd1 b5 33. Rc3 bxc4 34. bxc4 Bd7 35. Kc1 e5 36. Rf2 Rf4 37. Re2 Bc6 38. Ree3 Rfd4 39. Re2 f4 40. Kc2 Ba4+ 41. Kc1 Rd3 42. Rxd3 Rxd3 43. Rf2 Rd4 44. Bf1 e4 45. d3 exd3 46. Kd2 Bc2 47. Kc3 Bd1 48. Bxd3 Rd8 49. Rf1 Ba4 50. Rb1 Rd6 51. Be4 Ke5 52. Bd5 Bc6 53. Bxc6 Rxc6 54. Rd1 Rd6 55. Rxd6 Kxd6 1/2-1/2

[Event "1000GM Summer GM-B"]
[Site "New York USA"]
[Date "2024.07.13"]
[Round "6.5"]
[White "Mendes, Aaron Reeve"]
[Black "Putnam, Liam"]
[Result "1/2-1/2"]
[WhiteElo "2312"]
[BlackElo "2376"]
[PlyCount "59"]
[GameId "2130307541901020"]
[EventDate "2024.07.09"]
[EventType "tourn"]
[EventRounds "8"]
[EventCountry "USA"]
[EventCategory "7"]
[SourceTitle "10 Days #765"]
[Source "ChessMix "]
[SourceDate "2024.07.20"]
[SourceVersion "1"]
[SourceVersionDate "2024.07.20"]
[SourceQuality "1"]

1. e4 e5 2. Nf3 Nc6 3. Nc3 Nf6 4. d4 exd4 5. Nxd4 Bb4 6. Nxc6 bxc6 7. Bd3 O-O 8. O-O Re8 9. Qf3 Rb8 10. Bg5 Bd6 11. Bxf6 Qxf6 12. Qxf6 gxf6 13. Rab1 Be5 14. f4 Bd4+ 15. Kh1 d6 16. Na4 a6 17. c3 Ba7 18. b3 Bb7 19. Rbe1 Re7 20. Re2 Rbe8 21. Rfe1 Bc8 22. h3 h5 23. Nb2 a5 24. Kh2 Kg7 25. g3 Kh6 26. Nc4 Ba6 27. Nb2 Bb7 28. Nc4 Ba6 29. Nb2 Bb7 30. Nc4 1/2-1/2

[Event "1000GM Summer GM-B"]
[Site "New York USA"]
[Date "2024.07.13"]
[Round "7.2"]
[White "Adewumi, Tanitoluwa"]
[Black "Mendes, Aaron Reeve"]
[Result "1-0"]
[WhiteElo "2386"]
[BlackElo "2312"]
[PlyCount "141"]
[GameId "2130307541901022"]
[EventDate "2024.07.09"]
[EventType "tourn"]
[EventRounds "8"]
[EventCountry "USA"]
[EventCategory "7"]
[SourceTitle "10 Days #765"]
[Source "ChessMix "]
[SourceDate "2024.07.20"]
[SourceVersion "1"]
[SourceVersionDate "2024.07.20"]
[SourceQuality "1"]

1. Nf3 Nf6 2. b3 d5 3. Bb2 e6 4. g3 Be7 5. Bg2 O-O 6. O-O b6 7. c4 Bb7 8. cxd5 exd5 9. d4 Nbd7 10. Nh4 Re8 11. Nc3 Bf8 12. Rc1 a6 13. Re1 g6 14. e3 Rc8 15. Bh3 Bd6 16. Nf3 Qe7 17. Ne5 Rcd8 18. Nd3 h5 19. Nf4 b5 20. Bg2 Nb6 21. Nce2 h4 22. Nd3 hxg3 23. hxg3 Kg7 24. Nef4 Nbd7 25. Qc2 c6 26. Qd1 Rh8 27. Rc2 Rde8 28. e4 dxe4 29. Rce2 Bxf4 30. Nxf4 Qd6 31. Bxe4 Rxe4 32. Rxe4 Nxe4 33. Rxe4 Nf6 34. d5 cxd5 35. Qd4 Rf8 36. Re3 Kh6 37. Qxf6 Qxf6 38. Bxf6 g5 39. Nd3 Kg6 40. Bd4 f6 41. Nc5 Bc8 42. f3 g4 43. Kg2 gxf3+ 44. Kxf3 Rh8 45. Re7 Bf5 46. Ra7 Bc8 47. Rc7 Kg5 48. Be3+ Kf5 49. Rc6 Ke5 50. Nd3+ Kf5 51. Rxf6+ Kxf6 52. Bd4+ Kg6 53. Bxh8 Bf5 54. Ke3 Kh5 55. Ne5 Bb1 56. Bf6 b4 57. Kf4 d4 58. Bg7 d3 59. Bf8 a5 60. g4+ Kh4 61. Nf3+ Kh3 62. Nd2 Bxa2 63. g5 a4 64. bxa4 b3 65. Bg7 Kh4 66. Bb2 Kh5 67. a5 Bb1 68. a6 Bc2 69. a7 Bd1 70. a8=Q Kh4 71. Qh1# 1-0

[Event "1000GM Summer GM-B"]
[Site "New York USA"]
[Date "2024.07.14"]
[Round "8.4"]
[White "Mendes, Aaron Reeve"]
[Black "Lenderman, Aleksandr"]
[Result "1/2-1/2"]
[WhiteElo "2312"]
[BlackElo "2517"]
[PlyCount "47"]
[GameId "2130307541901029"]
[EventDate "2024.07.09"]
[EventType "tourn"]
[EventRounds "8"]
[EventCountry "USA"]
[EventCategory "7"]
[SourceTitle "10 Days #765"]
[Source "ChessMix "]
[SourceDate "2024.07.20"]
[SourceVersion "1"]
[SourceVersionDate "2024.07.20"]
[SourceQuality "1"]

1. Nf3 d5 2. b3 Bf5 3. e3 e6 4. Bb2 h6 5. Be2 Nf6 6. O-O Be7 7. c4 c6 8. Nc3 O-O 9. h3 Nbd7 10. d4 Qa5 11. a3 Rac8 12. Qd2 Qc7 13. Rfc1 Qb8 14. b4 Rfd8 15. Qe1 Bh7 16. Rd1 Ne8 17. Rac1 Bf6 18. Bf1 Nd6 19. c5 Ne4 20. Nxe4 Bxe4 21. Nd2 Bh7 22. Nf3 Be4 23. Nd2 Bh7 24. Nf3 1/2-1/2